Leyes sociales de España / (Record no. 103893)

MARC details
000 -LEADER
campo de control de longitud fija 00874nam a2200265 i 4500
001 - NÚMERO DE CONTROL
campo de control 103893
003 - IDENTIFICADOR DE NÚMERO DE CONTROL
campo de control ES-MaACL
005 - FECHA Y HORA DE LA ÚLTIMA TRANSACCIÓN
campo de control 20250827062618.0
007 - CAMPO FIJO DE DESCRIPCIÓN FÍSICA--INFORMACIÓN GENERAL
campo de control de longitud fija t|
008 - DATOS DE LONGITUD FIJA--INFORMACIÓN GENERAL
campo de control de longitud fija 051121s1968 sp ||||1| spa d
110 1# - ENTRADA PRINCIPAL--NOMBRE DE ENTIDAD CORPORATIVA
Nombre de entidad corporativa o nombre de jurisdicción como elemento de entrada España
9 (RLIN) 3622
240 10 - TÍTULO UNIFORME
Título uniforme Leyes, etc., sociales
245 10 - MENCIÓN DEL TÍTULO
Título Leyes sociales de España /
Mención de responsabilidad, etc. por José Castán Tobeñas, Manuel Alonso Olea, Mariano González-Rothvoss... [et al.].
250 ## - MENCION DE EDICION
Mención de edición 3ª ed.
260 ## - PUBLICACIÓN, DISTRIBUCIÓN, ETC.
Lugar de publicación, distribución, etc. Madrid :
Nombre del editor, distribuidor, etc. Reus,
Fecha de publicación, distribución, etc. 1968.
300 ## - DESCRIPCIÓN FÍSICA
Extensión XI, 95, 319, 520, 100, 694, 265, 174 p. ;
Dimensiones 17 cm.
490 1# - MENCIÓN DE SERIE
Mención de serie Biblioteca "Medina y Marañón"
700 1# - ENTRADA AGREGADA--NOMBRE PERSONAL
Nombre de persona Castán Tobeñas, José,
Fechas asociadas al nombre 1889-1969
9 (RLIN) 36392
700 1# - ENTRADA AGREGADA--NOMBRE PERSONAL
Nombre de persona Alonso Olea, Manuel.
9 (RLIN) 20374
700 1# - ENTRADA AGREGADA--NOMBRE PERSONAL
Nombre de persona González-Rothvoss y Gil, Mariano.
9 (RLIN) 58932
830 1# - PUNTO DE ACCESO ADICIONAL DE SERIE-TÍTULO UNIFORME
Título uniforme Biblioteca "Medina y Marañón"
9 (RLIN) 184645
852 ## - LOCALIZACIÓN
Ubicación ES-MaACL
Número de control de estantería A-5483
942 ## - ELEMENTOS DE ENTRADA SECUNDARIOS (KOHA)
Fuente del sistema de clasificación o colocación Clasificación decimal universal
Holdings
Estatus retirado Estado de pérdida Estado de daño No para préstamo Biblioteca de origen Biblioteca actual Ubicación en estantería Fecha de adquisición Fuente de adquisición Total de préstamos Signatura topográfica completa Código de barras Visto por última vez Precio de reemplazo Tipo de ítem Koha
Borrado       Biblioteca del Ateneo de Madrid Biblioteca del Ateneo de Madrid Sala Pecera Planta 1 17/01/2008     A-5483 1108473 23/02/2023 23/02/2023 Libro impreso